[Event "FRA-chT2 North 0809"]
[Site "France"]
[Date "2009.03.15"]
[Round "9.5"]
[White "Andrieux, Pascal"]
[Black "Boonekamp, Maarten"]
[Result "1-0"]
[WhiteElo "2223"]
[BlackElo "2030"]
[PlyCount "103"]
[EventDate "2008.10.19"]
[EventType "team-tourn"]
[EventRounds "11"]
[EventCountry "FRA"]
[SourceTitle "EXT 2010"]
[Source "ChessBase"]
[SourceDate "2010.11.25"]
[SourceVersion "1"]
[SourceVersionDate "2010.11.25"]
[SourceQuality "1"]
[WhiteTeam "Arras"]
[BlackTeam "Gif sur Yvette"]
[WhiteTeamCountry "FRA"]
[BlackTeamCountry "FRA"]

1. e4 e5 2. Nf3 Nc6 3. d4 exd4 4. Nxd4 Bc5 5. Nxc6 Qf6 6. Qf3 dxc6 7. Bc4 Be6 8. Qxf6 Nxf6 9. Bxe6 fxe6 10. f3 0-0-0 11. Nd2 Rd7 12. Nb3 Rhd8 13. Bg5 Be7 14. Be3 c5 15. Ke2 b6 16. Rad1 h6 17. Rxd7 Nxd7 18. Rd1 Ne5 19. Rxd8+ Kxd8 20. Nd2 Kd7 21. Bf4 Ng6 22. Be3 Bd6 23. g3 Ne5 24. f4 Nc6 25. c3 b5 26. b3 Be7 27. Kd3 a6 28. e5 g6 29. Ne4 c4+ 30. bxc4 b4 31. Bc5 a5 32. Bxe7 Kxe7 33. Nc5 h5 34. Kc2 Nb8 35. Kb3 Nc6 36. cxb4 axb4 37. Nd3 Nd4+ 38. Kxb4 Nf3 39. Kc5 Kd7 40. Nf2 Nxh2 41. Ne4 Nf1 42. a4 Kc8 43. Kc6 Ne3 44. c5 Nf5 45. Kb5 Kb7 46. c6+ Ka7 47. Ng5 Nxg3 48. Nxe6 Ne2 49. Kc5 h4 50. Nxc7 h3 51. Nb5+ Kb8 52. Kb6 1-0

[Event "FRA-chT2 North 0809"]
[Site "France"]
[Date "2009.02.08"]
[Round "7.4"]
[White "Andrieux, Pascal"]
[Black "Flament, Frederic"]
[Result "1/2-1/2"]
[WhiteElo "2223"]
[BlackElo "2116"]
[PlyCount "35"]
[EventDate "2008.10.19"]
[EventType "team-tourn"]
[EventRounds "11"]
[EventCountry "FRA"]
[SourceTitle "EXT 2010"]
[Source "ChessBase"]
[SourceDate "2010.11.25"]
[SourceVersion "1"]
[SourceVersionDate "2010.11.25"]
[SourceQuality "1"]
[WhiteTeam "Arras"]
[BlackTeam "Le Touquet"]
[WhiteTeamCountry "FRA"]
[BlackTeamCountry "FRA"]

1. e4 c5 2. Nc3 Nc6 3. g3 g6 4. Bg2 Bg7 5. Nge2 d6 6. d3 e6 7. 0-0 Nge7 8. Bg5 Rb8 9. Qd2 h6 10. Be3 Nd4 11. Rab1 Qa5 12. Nf4 b5 13. a3 Bd7 14. h4 Qc7 15. Nce2 e5 16. Bxd4 cxd4 17. Nh3 0-0 18. f4 1/2-1/2

[Event "FRA-chT2 North 0809"]
[Site "France"]
[Date "2009.01.17"]
[Round "5.4"]
[White "Andrieux, Pascal"]
[Black "Dumitran, Octavian"]
[Result "1/2-1/2"]
[WhiteElo "2223"]
[BlackElo "2263"]
[PlyCount "79"]
[EventDate "2008.10.19"]
[EventType "team-tourn"]
[EventRounds "11"]
[EventCountry "FRA"]
[SourceTitle "EXT 2010"]
[Source "ChessBase"]
[SourceDate "2010.11.25"]
[SourceVersion "1"]
[SourceVersionDate "2010.11.25"]
[SourceQuality "1"]
[WhiteTeam "Arras"]
[BlackTeam "Chess XV"]
[WhiteTeamCountry "FRA"]
[BlackTeamCountry "FRA"]

1. e4 c5 2. Nc3 e6 3. g3 Nc6 4. Bg2 g6 5. d3 Bg7 6. Nge2 Nge7 7. 0-0 b6 8. Bg5 Ba6 9. a4 d6 10. Rb1 Qd7 11. h3 Rc8 12. h4 Nb4 13. b3 Nec6 14. Nb5 Nd4 15. c3 Nxe2+ 16. Qxe2 Bxb5 17. cxb4 Ba6 18. b5 Bb7 19. Rbd1 a6 20. bxa6 Bxa6 21. Qd2 Rc7 22. Rfe1 b5 23. Bh6 Be5 24. Bf4 bxa4 25. Bxe5 dxe5 26. bxa4 0-0 27. Qa5 Ra8 28. Rc1 Qd6 29. Rc3 Raa7 30. Rb3 Bxd3 31. Qd2 c4 32. Rb8+ Kg7 33. h5 h6 34. hxg6 fxg6 35. Rc1 Rxa4 36. Bf1 Rf7 37. Rc8 Qa6 38. Rc5 Qa7 39. Rc8 Ra2 40. Qe3 1/2-1/2

[Event "FRA-chT2 Nord 0708"]
[Site "France"]
[Date "2008.01.20"]
[Round "6.1"]
[White "Andrieux, Pascal"]
[Black "Roser, Kevin"]
[Result "0-1"]
[WhiteElo "2228"]
[BlackElo "2402"]
[PlyCount "120"]
[EventDate "2007.10.21"]
[EventType "team"]
[EventRounds "11"]
[EventCountry "FRA"]
[SourceTitle "EXT 2009"]
[Source "ChessBase"]
[SourceDate "2008.11.26"]
[SourceVersion "1"]
[SourceVersionDate "2008.11.26"]
[SourceQuality "1"]
[WhiteTeam "Arras"]
[BlackTeam "Issy les Moulineaux"]
[WhiteTeamCountry "FRA"]
[BlackTeamCountry "FRA"]

1. e4 c5 2. Nc3 Nc6 3. g3 g6 4. Bg2 Bg7 5. Nge2 d6 6. d3 e5 7. h3 Nge7 8. 0-0 Be6 9. Be3 Qd7 10. Kh2 0-0 11. Nd5 f5 12. c3 Rf7 13. f4 Rd8 14. Qd2 b6 15. Rac1 Rff8 16. Rfd1 Bf7 17. Nxe7+ Nxe7 18. c4 Nc6 19. Nc3 Nd4 20. b3 Rde8 21. Rf1 Be6 22. Nd5 Rb8 23. Rf2 exf4 24. Bxf4 fxe4 25. dxe4 b5 26. cxb5 Rxb5 27. Rcf1 Rbb8 28. Bh6 Rxf2 29. Rxf2 Bxd5 30. exd5 Bxh6 31. Qxh6 Re8 32. Qf4 Qe7 33. h4 Rf8 34. Qd2 Rxf2 35. Qxf2 Qe5 36. Qd2 Nf5 37. Qg5 Kg7 38. h5 Qe3 39. Qg4 Qh6 40. Be4 Ne7 41. Qe6 Qxh5+ 42. Kg2 Kf8 43. Qf6+ Ke8 44. Qh8+ Kf7 45. Bf3 Qh6 46. Qd8 Qd2+ 47. Kh3 Nf5 48. Qd7+ Kg8 49. Qd8+ Kg7 50. Qd7+ Kh6 51. Qd8 Qe1 52. Qf8+ Kg5 53. Qd8+ Qe7 54. Qg8 Qe5 55. Qd8+ Qf6 56. Qe8 Qe7 57. Qg8 Ne3 58. Qc8 Qf6 59. Be4 Qf1+ 60. Kh2 Ng4+ 0-1

[Event "FRA-chT2 Nord 0708"]
[Site "France"]
[Date "2008.01.19"]
[Round "5.4"]
[White "Andrieux, Pascal"]
[Black "Cheron, Stephane"]
[Result "1-0"]
[WhiteElo "2228"]
[BlackElo "2001"]
[PlyCount "107"]
[EventDate "2007.10.21"]
[EventType "team"]
[EventRounds "11"]
[EventCountry "FRA"]
[SourceTitle "EXT 2009"]
[Source "ChessBase"]
[SourceDate "2008.11.26"]
[SourceVersion "1"]
[SourceVersionDate "2008.11.26"]
[SourceQuality "1"]
[WhiteTeam "Arras"]
[BlackTeam "Arcueil"]
[WhiteTeamCountry "FRA"]
[BlackTeamCountry "FRA"]

1. e4 e5 2. Nf3 Nc6 3. d4 exd4 4. Nxd4 Nf6 5. Nxc6 bxc6 6. Bd3 d5 7. e5 Ng4 8. 0-0 Bc5 9. Qe2 Qh4 10. h3 h5 11. Nd2 Qg3 12. Nf3 Nxf2 13. Rxf2 Bxf2+ 14. Qxf2 Qxf2+ 15. Kxf2 c5 16. b3 Rb8 17. Ba3 c4 18. bxc4 dxc4 19. Bxc4 Be6 20. Bb3 Rh6 21. Bc1 Rh8 22. Be3 a6 23. Rd1 Bxb3 24. axb3 Rd8 25. Ra1 Ra8 26. Ra4 Kd7 27. Rf4 f6 28. exf6 gxf6 29. Rxf6 a5 30. Rf4 c5 31. Bxc5 a4 32. bxa4 Rhc8 33. Ne5+ Ke6 34. Nd3 Ra5 35. Ke3 Raxc5 36. Nxc5+ Rxc5 37. Kd3 Rg5 38. g4 hxg4 39. hxg4 Rd5+ 40. Kc3 Re5 41. Kb4 Kd6 42. a5 Kc6 43. c4 Kb7 44. Rf5 Re6 45. Kb5 Rg6 46. g5 Rc6 47. c5 Ka7 48. Rf7+ Kb8 49. Rf6 Rc7 50. a6 Ka7 51. g6 Rc8 52. g7 Rg8 53. Rf7+ Ka8 54. Kc4 1-0

[Event "FRA-chT2 North 0607"]
[Site "France"]
[Date "2007.04.01"]
[Round "11.3"]
[White "Jeanne, Mickael"]
[Black "Andrieux, Pascal"]
[Result "0-1"]
[WhiteElo "2159"]
[BlackElo "2181"]
[PlyCount "70"]
[EventDate "2006.10.15"]
[EventType "team"]
[EventRounds "11"]
[EventCountry "FRA"]
[SourceTitle "EXT 2008"]
[Source "ChessBase"]
[SourceDate "2007.11.25"]
[SourceVersion "1"]
[SourceVersionDate "2007.11.25"]
[SourceQuality "1"]
[WhiteTeam "Gonfreville II"]
[BlackTeam "Arras"]
[WhiteTeamCountry "FRA"]
[BlackTeamCountry "FRA"]

1. e4 e6 2. d4 d5 3. Nc3 Nf6 4. Bg5 dxe4 5. Nxe4 Be7 6. Bxf6 Bxf6 7. Nf3 0-0 8. Nxf6+ Qxf6 9. Bd3 Nd7 10. Qe2 c5 11. Qe4 g6 12. c3 Rb8 13. Ne5 cxd4 14. cxd4 Nxe5 15. dxe5 Qe7 16. 0-0 b6 17. Rac1 Bb7 18. Qe2 Rfd8 19. Rc2 Rbc8 20. Rfc1 Qg5 21. f3 Rxc2 22. Rxc2 Bd5 23. b3 Qf4 24. Bc4 Qd4+ 25. Kf1 Bb7 26. g3 a6 27. a4 h5 28. Kg2 a5 29. h4 Kg7 30. Rc1 Bd5 31. Rc2 Qa1 32. Bxd5 Rxd5 33. f4 Qd4 34. Rc4 Qa1 35. Rc2 Rd1 0-1

[Event "FRA-chT2 North 0607"]
[Site "France"]
[Date "2007.02.11"]
[Round "7.1"]
[White "Andrieux, Pascal"]
[Black "Petitcunot, Pierre"]
[Result "1/2-1/2"]
[WhiteElo "2181"]
[BlackElo "2393"]
[PlyCount "120"]
[EventDate "2006.10.15"]
[EventType "team"]
[EventRounds "11"]
[EventCountry "FRA"]
[SourceTitle "EXT 2008"]
[Source "ChessBase"]
[SourceDate "2007.11.25"]
[SourceVersion "1"]
[SourceVersionDate "2007.11.25"]
[SourceQuality "1"]
[WhiteTeam "Arras"]
[BlackTeam "Henin Beaumont"]
[WhiteTeamCountry "FRA"]
[BlackTeamCountry "FRA"]

1. e4 c5 2. Nc3 d6 3. g3 Nc6 4. Bg2 g6 5. d3 Bg7 6. Nh3 e6 7. 0-0 Nge7 8. Be3 0-0 9. Qd2 Rb8 10. Bh6 e5 11. Bxg7 Kxg7 12. Nd5 Nxd5 13. exd5 Ne7 14. c3 Nxd5 15. d4 cxd4 16. cxd4 e4 17. Nf4 Nf6 18. d5 Re8 19. Rfe1 Re5 20. h4 Qb6 21. Rac1 h6 22. Rc4 Bf5 23. Bf1 Rbe8 24. Rd4 Qd8 25. Ng2 Ng4 26. Ne3 Nxe3 27. Rxe3 Qf6 28. Bg2 g5 29. hxg5 hxg5 30. Qe2 R5e7 31. Ra4 Rc7 32. Qd2 Rec8 33. Rc3 Rxc3 34. bxc3 Rxc3 35. Bxe4 Bxe4 36. Rxe4 Kg6 37. Re8 Kg7 38. Re4 Rf3 39. Kg2 Rf5 40. Ra4 Qe5 41. Rd4 Rf6 42. Rg4 Rf5 43. Rd4 b5 44. a4 bxa4 45. Rxa4 Qxd5+ 46. Qxd5 Rxd5 47. Rxa7 g4 48. Kf1 Re5 49. Ra4 f5 50. f3 gxf3 51. Kf2 Re4 52. Ra8 Kf6 53. Kxf3 Ke7 54. Ra5 Ke6 55. Ra8 Rc4 56. Re8+ Kf7 57. Ra8 Rc1 58. Kf4 Rf1+ 59. Ke3 Ke7 60. Rh8 Ke6 1/2-1/2

[Event "FRA-chT2 North 0607"]
[Site "France"]
[Date "2006.12.10"]
[Round "4.4"]
[White "Hameau, Cyril"]
[Black "Andrieux, Pascal"]
[Result "0-1"]
[WhiteElo "2070"]
[BlackElo "2187"]
[PlyCount "122"]
[EventDate "2006.10.15"]
[EventType "team"]
[EventRounds "11"]
[EventCountry "FRA"]
[SourceTitle "EXT 2008"]
[Source "ChessBase"]
[SourceDate "2007.11.25"]
[SourceVersion "1"]
[SourceVersionDate "2007.11.25"]
[SourceQuality "1"]
[WhiteTeam "Cergy Pontoise"]
[BlackTeam "Arras"]
[WhiteTeamCountry "FRA"]
[BlackTeamCountry "FRA"]

1. d4 d5 2. Bg5 Nd7 3. c4 h6 4. Bh4 c6 5. e3 Ngf6 6. Nc3 e6 7. Nf3 Be7 8. Bd3 0-0 9. 0-0 a6 10. Rc1 Re8 11. a3 dxc4 12. Bxc4 b5 13. Ba2 a5 14. Ne2 Bb7 15. Qd3 c5 16. dxc5 Nxc5 17. Qc2 Be4 18. Qc3 b4 19. Qe5 Nd3 20. Rcd1 Bxf3 21. Rxd3 Qxd3 22. Nd4 Bxg2 23. Kxg2 Qe4+ 24. Qxe4 Nxe4 25. Bxe7 Rxe7 26. Rc1 bxa3 27. bxa3 Rb7 28. Nxe6 Rb2 29. Bd5 Nxf2 30. Kf3 Re8 31. Nf4 g5 32. Rg1 g4+ 33. Kg3 Rxe3+ 34. Kh4 Kf8 35. Kh5 Rb5 36. Kxh6 Rxd5 37. Nxd5 Re6+ 38. Kh7 Re5 39. Nf4 Rf5 40. Ng6+ fxg6 41. Kxg6 Rf3 42. a4 Ke7 43. Rb1 Rf4 44. Ra1 Kd6 45. Kg5 Rc4 46. Rf1 Rc2 47. Rb1 Kc6 48. Kh4 Rc3 49. Rb5 Rh3+ 50. Kg5 Rxh2 51. Kf4 Rh3 52. Rxa5 Rf3+ 53. Ke5 Nd3+ 54. Kd4 Ne1 55. Rc5+ Kb6 56. Rc1 Rf1 57. Rb1+ Ka7 58. Rb3 Nf3+ 59. Kd5 g3 60. Rb2 Rf2 61. Rb5 g2 0-1

[Event "FRA-chT2B 0506"]
[Site "France"]
[Date "2006.04.02"]
[Round "11.6"]
[White "Andrieux, Pascal"]
[Black "Clarac, Jean Marie"]
[Result "1/2-1/2"]
[WhiteElo "2179"]
[BlackElo "2081"]
[PlyCount "36"]
[EventDate "2005.10.27"]
[EventType "team-tourn"]
[EventRounds "11"]
[EventCountry "FRA"]
[SourceTitle "EXT 2006"]
[Source "ChessBase"]
[SourceDate "2005.11.24"]
[SourceVersion "1"]
[SourceVersionDate "2005.11.24"]
[SourceQuality "1"]
[WhiteTeam "Arras"]
[BlackTeam "Rosny sous Bois"]
[WhiteTeamCountry "FRA"]
[BlackTeamCountry "FRA"]

1. e4 c5 2. Nc3 Nc6 3. g3 g6 4. Bg2 Bg7 5. d3 d6 6. f4 e6 7. Nf3 Nge7 8. 0-0 0-0 9. Be3 Nd4 10. Bf2 Rb8 11. Nxd4 cxd4 12. Ne2 Nc6 13. c3 Qb6 14. b4 e5 15. fxe5 dxe5 16. cxd4 Nxd4 17. Nxd4 exd4 18. Qd2 Be6 1/2-1/2

[Event "FRA-chT2 0405"]
[Site "France"]
[Date "2005.01.09"]
[Round "6.3"]
[White "Andrieux, Pascal"]
[Black "Renaudin, Mathieu"]
[Result "1-0"]
[WhiteElo "2159"]
[BlackElo "2198"]
[PlyCount "81"]
[EventDate "2004.10.10"]
[EventType "team"]
[EventRounds "11"]
[EventCountry "FRA"]
[SourceTitle "EXT 2006"]
[Source "ChessBase"]
[SourceDate "2005.11.24"]
[SourceVersion "1"]
[SourceVersionDate "2005.11.24"]
[SourceQuality "1"]
[WhiteTeam "Arras"]
[BlackTeam "Rueil Malmaison"]
[WhiteTeamCountry "FRA"]
[BlackTeamCountry "FRA"]

1. e4 e6 2. d4 d5 3. exd5 exd5 4. Bd3 Bd6 5. Qf3 Nf6 6. h3 0-0 7. Ne2 c5 8. 0-0 Nc6 9. c3 Qb6 10. Bg5 c4 11. Bf5 Bxf5 12. Qxf5 Ne7 13. Qc2 Ne4 14. Bxe7 Bxe7 15. Nd2 Nxd2 16. Qxd2 Rfe8 17. Rfe1 g6 18. Ng3 Bh4 19. Nf1 Kg7 20. Re2 f5 21. Rae1 Re4 22. g3 Bf6 23. f3 Rxe2 24. Rxe2 Rd8 25. Nh2 Rd7 26. f4 Re7 27. Rxe7+ Bxe7 28. Qe2 Kf6 29. Qe5+ Kf7 30. Qxd5+ Qe6 31. Qxe6+ Kxe6 32. Kf2 b5 33. Nf3 b4 34. Ke3 Kd5 35. Ne5 Bd6 36. b3 cxb3 37. c4+ Ke6 38. axb3 Bxe5 39. dxe5 Kd7 40. Kd4 Kc6 41. c5 1-0

[Event "FRA-chT2 0405"]
[Site "France"]
[Date "2004.10.10"]
[Round "1.6"]
[White "Andrieux, Pascal"]
[Black "Depyl, Pascal"]
[Result "0-1"]
[WhiteElo "2159"]
[BlackElo "2171"]
[PlyCount "108"]
[EventDate "2004.10.10"]
[EventType "team"]
[EventRounds "11"]
[EventCountry "FRA"]
[SourceTitle "EXT 2006"]
[Source "ChessBase"]
[SourceDate "2005.11.24"]
[SourceVersion "1"]
[SourceVersionDate "2005.11.24"]
[SourceQuality "1"]
[WhiteTeam "Arras"]
[BlackTeam "Maromme"]
[WhiteTeamCountry "FRA"]
[BlackTeamCountry "FRA"]

1. e4 d6 2. Nc3 e5 3. g3 Nc6 4. Bg2 f5 5. d3 Nf6 6. Nge2 Be7 7. 0-0 0-0 8. Nd5 Nxd5 9. exd5 Nb8 10. d4 Nd7 11. c4 g5 12. f4 gxf4 13. gxf4 e4 14. Be3 Nf6 15. Bh3 Nh5 16. Kh1 Qe8 17. Rg1+ Kh8 18. Ng3 Nxg3+ 19. Rxg3 Bd7 20. Qe2 Qf7 21. Rag1 Bf6 22. Bf1 a6 23. Qd1 c6 24. dxc6 bxc6 25. d5 c5 26. b4 cxb4 27. Bd4 Qe7 28. Qa1 Rf7 29. Be2 Bxd4 30. Qxd4+ Qf6 31. Qxf6+ Rxf6 32. Rg7 Ba4 33. Rb7 a5 34. Rgg7 Rh6 35. Ra7 Rxa7 36. Rxa7 Bc2 37. Kg1 a4 38. Ra8+ Kg7 39. Ra7+ Kf8 40. Rb7 b3 41. axb3 axb3 42. Kg2 Ke8 43. Kg3 Kd8 44. h4 Kc8 45. Rb4 Rg6+ 46. Kf2 Rg7 47. Ke3 Rb7 48. Rxb7 Kxb7 49. Kd2 Kb6 50. Kc3 Kc5 51. Bf1 Bd3 52. Bh3 b2 53. Kxb2 Kxc4 54. Kc1 e3 0-1

[Event "FRA-chT2 0304"]
[Site "France"]
[Date "2004.03.13"]
[Round "8"]
[White "Meaux, Xavier"]
[Black "Andrieux, Pascal"]
[Result "1-0"]
[WhiteElo "2140"]
[BlackElo "2134"]
[PlyCount "81"]
[EventDate "2003.10.??"]
[EventType "team"]
[EventRounds "11"]
[EventCountry "FRA"]
[SourceTitle "EXT 2005"]
[Source "ChessBase"]
[SourceDate "2004.11.15"]
[SourceVersion "1"]
[SourceVersionDate "2004.11.15"]
[SourceQuality "1"]

1. d4 e6 2. Nf3 d5 3. e3 Nf6 4. Bd3 Be7 5. Nbd2 0-0 6. 0-0 b6 7. Qe2 Bb7 8. c3 Nbd7 9. e4 dxe4 10. Nxe4 Nxe4 11. Bxe4 Bxe4 12. Qxe4 Nf6 13. Qc6 Qd6 14. Ne5 Nd5 15. Qa4 c5 16. Be3 Nxe3 17. fxe3 a6 18. Rae1 b5 19. Qd1 Rac8 20. Qh5 f6 21. Nd3 c4 22. Nf4 Qc6 23. e4 g5 24. Qg4 e5 25. Nd5 Qd6 26. dxe5 Qxe5 27. Rf5 Qd6 28. Ref1 Rce8 29. h4 Bd8 30. Kh1 Kh8 31. Qf3 gxh4 32. Rh5 Qg3 33. Qf5 Qg7 34. Nf4 Rg8 35. Rxh4 Re5 36. Qh3 Rg5 37. Ne6 Qg6 38. Nxg5 fxg5 39. Rg4 Bc7 40. Rf5 Bf4 41. Rfxf4 1-0

[Event "FRA-chT2 0304"]
[Site "France"]
[Date "2004.02.01"]
[Round "7"]
[White "Petitpas, Franck"]
[Black "Andrieux, Pascal"]
[Result "1/2-1/2"]
[WhiteElo "2097"]
[BlackElo "2134"]
[PlyCount "43"]
[EventDate "2003.10.??"]
[EventType "team"]
[EventRounds "11"]
[EventCountry "FRA"]
[SourceTitle "EXT 2005"]
[Source "ChessBase"]
[SourceDate "2004.11.15"]
[SourceVersion "1"]
[SourceVersionDate "2004.11.15"]
[SourceQuality "1"]

1. Nf3 Nf6 2. g3 g6 3. Bg2 Bg7 4. d3 d5 5. Nbd2 0-0 6. e4 Nc6 7. 0-0 dxe4 8. dxe4 h6 9. Re1 e5 10. b3 Qe7 11. c3 b6 12. Bf1 Bb7 13. a4 Rfd8 14. Ba3 Qe8 15. Qc2 Bf8 16. Bb2 a5 17. Bb5 Qe6 18. Bc4 Qg4 19. Be2 Qe6 20. Bc4 Qg4 21. Be2 Qe6 22. Bc4 1/2-1/2

[Event "FRA-chT2S 0203"]
[Site "France"]
[Date "2003.??.??"]
[Round "10.8"]
[White "Texeira, Andre"]
[Black "Andrieux, Pascal"]
[Result "0-1"]
[WhiteElo "1580"]
[BlackElo "2094"]
[PlyCount "50"]
[EventDate "2002.10.??"]
[EventType "team"]
[EventRounds "11"]
[EventCountry "FRA"]
[SourceTitle "EXT 2004"]
[Source "ChessBase"]
[SourceDate "2003.11.25"]
[SourceVersion "1"]
[SourceVersionDate "2003.11.25"]
[SourceQuality "1"]
[WhiteTeam "AECE"]
[BlackTeam "Arras"]
[WhiteTeamCountry "FRA"]
[BlackTeamCountry "FRA"]

1. e4 e6 2. d4 d5 3. Nc3 Nf6 4. e5 Nfd7 5. f4 c5 6. Nf3 Nc6 7. Be3 cxd4 8. Nxd4 Bc5 9. Nxc6 bxc6 10. Bxc5 Nxc5 11. b4 Nd7 12. Na4 a5 13. a3 0-0 14. Bd3 Ba6 15. Bxa6 Rxa6 16. 0-0 axb4 17. axb4 Qe7 18. Nb2 Rxa1 19. Qxa1 Qxb4 20. Nd3 Qb6+ 21. Kh1 Rb8 22. h3 Nc5 23. Qd1 Ne4 24. f5 exf5 25. Rxf5 Ng3+ 0-1

[Event "FRA-chT2"]
[Site "France"]
[Date "2002.03.10"]
[Round "9"]
[White "Andrieux, Pascal"]
[Black "Marin, Sebastien"]
[Result "0-1"]
[WhiteElo "2220"]
[BlackElo "2156"]
[PlyCount "138"]
[EventDate "2002.??.??"]
[EventType "team"]
[EventRounds "11"]
[EventCountry "FRA"]
[SourceTitle "EXT 2003"]
[Source "ChessBase"]
[SourceDate "2002.11.25"]
[SourceVersion "1"]
[SourceVersionDate "2002.11.25"]
[SourceQuality "1"]
[WhiteTeam "Arras"]
[BlackTeam "Cergy Pontoise"]
[WhiteTeamCountry "FRA"]
[BlackTeamCountry "FRA"]

1. e4 e6 2. d4 d5 3. exd5 exd5 4. Bd3 Bd6 5. Qf3 Ne7 6. Ne2 Nbc6 7. c3 Be6 8. Bf4 Qd7 9. Bxd6 Qxd6 10. Na3 0-0-0 11. Nc2 Kb8 12. Ne3 Ng8 13. Qg3 Qxg3 14. hxg3 Nf6 15. f3 Ne7 16. Kf2 h5 17. Rae1 g6 18. Nf4 Bc8 19. b4 c6 20. Bc2 Kc7 21. Re2 Kd6 22. Rhe1 Rde8 23. Nd3 Rhf8 24. c4 Nf5 25. c5+ Kc7 26. Nxf5 Bxf5 27. Ne5 Bxc2 28. Rxc2 Nd7 29. Nxd7 Kxd7 30. Rb1 a6 31. a4 Ra8 32. Rcb2 Kc7 33. b5 axb5 34. axb5 Rab8 35. Ra1 Ra8 36. b6+ Kd7 37. Ra7 Rxa7 38. bxa7 Kc7 39. Re2 Kd7 40. Rb2 Kc7 41. Re2 Kd7 42. Ke3 Ra8 43. Kf4 f6 44. Ra2 Ke6 45. Re2+ Kd7 46. Ra2 Ke6 47. Ke3 Kd7 48. g4 hxg4 49. Kf4 gxf3 50. gxf3 Ke6 51. Re2+ Kf7 52. Ra2 Ke6 53. Re2+ Kf7 54. Ra2 Ke6 55. Ra1 Kd7 56. Rg1 Rxa7 57. Rxg6 Ke6 58. Rg8 Ra4 59. Re8+ Kd7 60. Rf8 Rxd4+ 61. Kf5 Rc4 62. Rf7+ Kc8 63. Ke6 Rxc5 64. Kd6 b6 65. f4 d4 66. Rxf6 d3 67. Rh6 d2 68. Rh8+ Kb7 69. Rh7+ Ka6 0-1

[Event "FRA-chT2"]
[Site "France"]
[Date "2001.11.17"]
[Round "2"]
[White "Mazet, Julien"]
[Black "Andrieux, Pascal"]
[Result "1/2-1/2"]
[WhiteElo "2206"]
[BlackElo "2240"]
[PlyCount "61"]
[EventDate "2002.??.??"]
[EventType "team"]
[EventRounds "11"]
[EventCountry "FRA"]
[SourceTitle "EXT 2003"]
[Source "ChessBase"]
[SourceDate "2002.11.25"]
[SourceVersion "1"]
[SourceVersionDate "2002.11.25"]
[SourceQuality "1"]

1. d4 d5 2. c4 e6 3. Nf3 Nf6 4. Nc3 c6 5. e3 Be7 6. Bd3 0-0 7. 0-0 Nbd7 8. e4 dxe4 9. Nxe4 c5 10. Nxf6+ Nxf6 11. dxc5 Bxc5 12. Qe2 Qc7 13. Bg5 Be7 14. Rad1 Bd7 15. Ne5 Bc6 16. b3 Rad8 17. Bb1 Rxd1 18. Rxd1 Rd8 19. Rxd8+ Bxd8 20. Nxc6 bxc6 21. Qd3 h6 22. Bh4 Be7 23. Bg3 Qa5 24. Kf1 Qg5 25. Ke2 Qc1 26. Qd1 Qb2+ 27. Qc2 Qd4 28. Qd2 Qa1 29. Qd1 Qb2+ 30. Qc2 Qd4 31. Qd2 1/2-1/2

[Event "FRA-chT2"]
[Site "France"]
[Date "2001.10.14"]
[Round "1"]
[White "Andrieux, Pascal"]
[Black "Bernard, Vincent"]
[Result "0-1"]
[WhiteElo "2240"]
[BlackElo "2242"]
[PlyCount "100"]
[EventDate "2002.??.??"]
[EventType "team"]
[EventRounds "11"]
[EventCountry "FRA"]
[SourceTitle "EXT 2003"]
[Source "ChessBase"]
[SourceDate "2002.11.25"]
[SourceVersion "1"]
[SourceVersionDate "2002.11.25"]
[SourceQuality "1"]

1. e4 c5 2. Nc3 Nc6 3. g3 g6 4. Bg2 Bg7 5. f4 d6 6. Nf3 e6 7. d3 Nge7 8. 0-0 0-0 9. Be3 b6 10. d4 Ba6 11. Re1 cxd4 12. Nxd4 Rc8 13. Nb3 Qd7 14. Qd2 Rfd8 15. Rad1 Qc7 16. Qf2 Bc4 17. g4 f5 18. gxf5 gxf5 19. Kh1 Kh8 20. Rg1 Rg8 21. Bf3 Bf6 22. Nd4 Nxd4 23. Bxd4 e5 24. Be3 Rxg1+ 25. Rxg1 Rg8 26. Rxg8+ Bxg8 27. Qd2 exf4 28. Bxf4 Be5 29. Bg5 fxe4 30. Bxe4 Ng6 31. Nb5 Qc4 32. Qd3 Qxd3 33. cxd3 Bxa2 34. Nxa7 Bxb2 35. Nc8 d5 36. Bxg6 hxg6 37. Nxb6 Bd4 38. Nd7 Bb1 39. h3 Bxd3 40. Bf6+ Bxf6 41. Nxf6 Kg7 42. Ng4 Bf5 43. Nf2 Kf6 44. Kg2 Ke5 45. Kf3 Kd4 46. Ke2 Kc3 47. Nd1+ Kc4 48. Nf2 Kd4 49. Kf3 Kc3 50. Ke2 d4 0-1